000 00638nam a2200217Ia 4500
005 20241129115857.0
008 241129s9999||||xx |||||||||||||| ||und||
020 _a9780192863461
037 _aTB
040 _aSDCL
_beng
_cSDCL
041 _aeng
_2eng
084 _aV247'P, R2
_qSDCL
100 _aWouters Jelle J.P. Ed.
_9724519
245 0 _aVernacular politics in Northeast India : Democracy, ethnicity, and indigeneity
260 _aNew York
_bOxford University Press
_c2022
300 _ax,413p.
365 _aINR
_b1795
650 _aPolitical Science
942 _cTB
_hV247'P, R2
999 _c1232394
_d1232394